[Event "Rostock-10 GM Group"]
[Site "Rostock"]
[Date "1984.08.11"]
[Round "1"]
[White "Tseshkovsky, Vitaly"]
[Black "Vogt, Lothar"]
[Result "1/2-1/2"]
[WhiteElo "2505"]
[BlackElo "2485"]
[Annotator "ChessBase"]
[PlyCount "75"]
[EventDate "1984.08.11"]
[EventType "tourn"]
[EventRounds "9"]
[EventCountry "DDR"]
[EventCategory "8"]
[SourceTitle "MCL"]
[Source "ChessBase"]
[SourceDate "1999.07.01"]
[SourceVersion "1"]
[SourceVersionDate "1999.07.01"]
[SourceQuality "1"]

1. e4 c5 2. Nf3 e6 3. d4 cxd4 4. Nxd4 d6 5. c4 Nf6 6. Nc3 a6 7. Bd3 Nbd7 8. O-O
b6 9. f4 Bb7 10. f5 (10. Be3 Nc5 11. e5 dxe5 12. fxe5 $132) 10... e5 11. Nf3
Be7 12. Qe2 O-O 13. Rd1 Rc8 14. Bd2 b5 15. cxb5 axb5 16. Bxb5 Nc5 17. Be3 (17.
Bd3) 17... Ncxe4 18. Na4 Qa5 19. Nb6 Rc5 20. Bxc5 Nxc5 21. b4 Qxb4 22. Rab1 Qf4
23. Bc4 Nce4 24. Rb3 Qxf5 25. Nd5 Bxd5 26. Bxd5 Nc5 27. Nh4 Qf4 28. g3 Qg5 29.
Nf3 Qh5 30. Rb4 e4 $1 31. Bxe4 Ncxe4 32. Rxe4 Nxe4 33. Qxe4 Qc5+ 34. Kg2 Bf6
35. a4 Rb8 36. Rd2 g6 37. Rc2 d5 $2 (37... Qa5) 38. Qxg6+ 1/2-1/2

[Event "Montecatini Terme op"]
[Site "Montecatini Terme"]
[Date "1994.??.??"]
[Round "?"]
[White "Ioseliani, Nana"]
[Black "Lau, Ralf"]
[Result "0-1"]
[WhiteElo "2435"]
[BlackElo "2515"]
[Annotator "ChessBase"]
[PlyCount "59"]
[EventDate "1994.??.??"]
[EventType "swiss"]
[EventRounds "9"]
[EventCountry "ITA"]
[SourceTitle "EXT 1999"]
[Source "ChessBase"]
[SourceDate "1998.11.16"]
[SourceVersion "1"]
[SourceVersionDate "1998.11.16"]
[SourceQuality "1"]

1. e4 c5 2. Nf3 e6 3. d4 cxd4 4. Nxd4 a6 5. Bd3 g6 6. O-O Bg7 7. Ne2 Nc6 8. c4
Nf6 9. Nbc3 O-O 10. Bc2 Ng4 11. Bf4 Nge5 12. b3 b5 13. cxb5 axb5 14. Rc1 Ba6
15. Re1 b4 16. Na4 d5 17. exd5 exd5 18. Bb1 Re8 19. Qd2 d4 20. Ng3 $2 (20. Bxe5
Nxe5 21. Nxd4) 20... d3 21. Bg5 f6 22. Be3 f5 23. a3 bxa3 24. Ba2 Nd4 25. b4+
Kh8 26. Bxd4 Qxd4 27. Nc5 Qb2 28. Qxb2 axb2 29. Rb1 d2 30. Red1 0-1

[Event "Interzonal-10b"]
[Site "Manila"]
[Date "1976.07.06"]
[Round "16"]
[White "Spassky, Boris Vasilievich"]
[Black "Gheorghiu, Florin"]
[Result "1/2-1/2"]
[WhiteElo "2630"]
[BlackElo "2540"]
[Annotator "ChessBase"]
[PlyCount "50"]
[EventDate "1976.06.13"]
[EventType "tourn"]
[EventRounds "19"]
[EventCountry "PHI"]
[EventCategory "12"]
[SourceTitle "IZT"]
[Source "ChessBase"]
[SourceDate "1999.07.01"]
[SourceVersion "1"]
[SourceVersionDate "1999.07.01"]
[SourceQuality "1"]

1. e4 c5 2. Nf3 e6 3. d4 cxd4 4. Nxd4 a6 5. Bd3 Nf6 6. O-O d6 7. c4 Be7 8. Nc3
O-O 9. b3 Nbd7 10. Bb2 Re8 11. Kh1 Bf8 12. f4 e5 13. fxe5 Nxe5 14. Nf3 Bg4 15.
Qd2 Nxf3 16. gxf3 Bd7 17. Rad1 Qe7 18. Rg1 Bc6 19. Rxg7+ $2 (19. Ne2 $142 $1
$16) 19... Bxg7 20. Rg1 Nh5 21. Qh6 Qe5 22. Rg5 (22. Nd1 $2 Ng3+ $1 23. Rxg3
Qxg3 $19) 22... Qf6 23. Qxf6 Nxf6 24. Nd5 Nh5 25. Nf6+ Nxf6 1/2-1/2

[Event "Interzonal-10b"]
[Site "Manila"]
[Date "1976.06.26"]
[Round "10"]
[White "Spassky, Boris Vasilievich"]
[Black "Panno, Oscar"]
[Result "0-1"]
[WhiteElo "2630"]
[BlackElo "2520"]
[Annotator "ChessBase"]
[PlyCount "72"]
[EventDate "1976.06.13"]
[EventType "tourn"]
[EventRounds "19"]
[EventCountry "PHI"]
[EventCategory "12"]
[SourceTitle "IZT"]
[Source "ChessBase"]
[SourceDate "1999.07.01"]
[SourceVersion "1"]
[SourceVersionDate "1999.07.01"]
[SourceQuality "1"]

1. e4 c5 2. Nf3 e6 3. d4 cxd4 4. Nxd4 a6 5. Bd3 g6 6. c4 Bg7 7. Be3 Ne7 8. Nc3
d5 9. cxd5 exd5 10. O-O O-O 11. Rc1 Nd7 12. Nxd5 Nxd5 13. exd5 Nf6 14. Bc4 Nxd5
15. Qb3 Nxe3 16. fxe3 Bxd4 17. Bxf7+ Kg7 18. exd4 Qxd4+ 19. Kh1 b5 20. Bd5
Rxf1+ 21. Rxf1 Ra7 22. Qf3 Kh6 23. Rd1 Qc5 24. Qf4+ Kg7 25. Qe5+ Kh6 26. g4 $6
(26. b4 $142 $5 $16) 26... Qe7 27. Qf4+ g5 28. Qd4 Rd7 29. Rc1 Bb7 30. Qb6+ Kg7
31. Bxb7 Rxb7 32. Qd4+ Qf6 33. Qxf6+ Kxf6 34. Rc6+ Ke5 35. Rxa6 Kf4 36. Rh6 Rc7
$138 0-1

[Event "Interzonal-10a"]
[Site "Biel"]
[Date "1976.07.12"]
[Round "2"]
[White "Geller, Efim P"]
[Black "Tal, Mihail"]
[Result "1/2-1/2"]
[WhiteElo "2620"]
[BlackElo "2615"]
[Annotator "ChessBase"]
[PlyCount "50"]
[EventDate "1976.07.11"]
[EventType "tourn"]
[EventRounds "19"]
[EventCountry "SUI"]
[EventCategory "12"]
[SourceTitle "IZT"]
[Source "ChessBase"]
[SourceDate "1999.07.01"]
[SourceVersion "1"]
[SourceVersionDate "1999.07.01"]
[SourceQuality "1"]

1. e4 c5 2. Nf3 e6 3. d4 cxd4 4. Nxd4 a6 5. Bd3 Nf6 6. c4 d6 7. O-O g6 8. Nc3
Bg7 9. Be3 O-O 10. Re1 Nbd7 11. Bf1 d5 12. cxd5 exd5 13. exd5 Nb6 14. Ne6 fxe6
15. dxe6 Nbd5 16. e7 Nxe7 17. Qb3+ Kh8 18. Rad1 (18. Bb6 $5 Qe8 19. Bc5 $14)
18... Bd7 19. Bb6 Qe8 20. Qa3 Nfg8 21. Nd5 Bg4 22. Nc7 Qc6 23. Rd6 Qc2 24. Nxa8
Rxa8 25. Bd4 Nf5 1/2-1/2

[Event "Skopje Solidarnost-06"]
[Site "Skopje"]
[Date "1976.03.01"]
[Round "2"]
[White "Adorjan, Andras"]
[Black "Karpov, Anatoly"]
[Result "1/2-1/2"]
[WhiteElo "2510"]
[BlackElo "2695"]
[Annotator "ChessBase/Adorjan"]
[PlyCount "90"]
[EventDate "1976.02.29"]
[EventType "tourn"]
[EventRounds "15"]
[EventCountry "YUG"]
[EventCategory "10"]
[SourceTitle "MCD"]
[Source "ChessBase"]
[SourceDate "1999.07.01"]
[SourceVersion "1"]
[SourceVersionDate "1999.07.01"]
[SourceQuality "1"]

1. e4 c5 2. Nf3 e6 3. d4 cxd4 4. Nxd4 a6 5. Bd3 Qc7 6. O-O g6 7. c3 d6 8. Bg5
Bg7 9. Nd2 Nd7 10. f4 Ngf6 11. f5 {[#]} e5 $1 (11... gxf5 12. exf5 e5 13. Ne6
$1 fxe6 14. fxe6 O-O (14... Nc5 15. Bxf6 $1 Bxf6 16. Qh5+ Kd8 17. Rxf6 Nxd3 18.
Ne4 $18 {Adorjan} Qb6+ (18... d5 19. Qg5 $18) 19. Kh1 Kc7 20. Qf7+ Kb8 21. e7
Bd7 22. Rxd6 Bc6 23. e8=Q+ Bxe8 24. Qxe8+ Rxe8 25. Rxb6 $16)) (11... exf5 12.
exf5 O-O 13. Qe1 d5 14. Qh4 $16) 12. Nc2 b5 (12... O-O) (12... h6 13. Bh4 g5
14. Bf2 Nc5) 13. Ne3 h6 14. Bxf6 (14. Bh4 g5) 14... Nxf6 15. fxg6 fxg6 16. Nd5
Qa7+ 17. Kh1 O-O 18. Nxf6+ Bxf6 19. a4 bxa4 20. Qxa4 Qe7 (20... Kg7) 21. Nc4 (
21. Bc4+ Kg7 22. Bd5 Bb7 23. Qb3 Rab8 24. Bxb7 Rxb7 25. Qa2 a5 26. Nc4 $16)
21... Rb8 {[#]} 22. Ne3 (22. Qa3 $1 Rd8 23. Ne3 Be6 24. Bc4 $1 $18 {Adorjan}) (
22. Qc6 Bd7 23. Qxa6 Bb5 24. Qa5 $16) 22... Be6 23. Qc2 $14 (23. Nd5 Bxd5 24.
exd5 e4 $1 $11) (23. Bc4 Rxb2 24. Qxa6 Rbb8 25. Bxe6+ Qxe6 26. Qc6 Bg5 27. Nd5
Rxf1+ 28. Rxf1 Rc8 29. Qb6 $14) 23... Bg5 24. Nd5 (24. Rxf8+ Kxf8 25. Nf1 $14)
24... Rxf1+ 25. Rxf1 Qb7 $11 26. b4 Rf8 27. Qe2 Rxf1+ 28. Qxf1 Bxd5 29. exd5
Qf7 30. Bxa6 Qxf1+ 31. Bxf1 Bd2 32. b5 Bxc3 33. b6 Bd4 34. b7 Ba7 35. Bd3 Kf7
36. g3 Kf6 37. Kg2 Bb8 38. Kf3 Kg5 39. Bb5 Kf5 40. Bd3+ Kg5 41. Bc2 Ba7 42. Be4
Kf6 43. Ke2 Bb8 44. Kd3 g5 45. h4 gxh4 1/2-1/2

[Event "Hessen-ch int 1st"]
[Site "Willingen"]
[Date "1999.07.14"]
[Round "9"]
[White "Lau, Ralf"]
[Black "Chuchelov, Vladimir"]
[Result "1-0"]
[WhiteElo "2460"]
[BlackElo "2533"]
[Annotator "Chuchelov,V"]
[PlyCount "105"]
[EventDate "1999.07.??"]
[EventType "swiss"]
[EventRounds "9"]
[EventCountry "GER"]
[SourceTitle "EXT 2001"]
[Source "ChessBase"]
[SourceDate "2000.11.22"]
[SourceVersion "1"]
[SourceVersionDate "2000.11.22"]
[SourceQuality "1"]

1. e4 c5 2. Nf3 e6 3. d4 cxd4 4. Nxd4 a6 5. Bd3 Qb6 6. Nb3 Qc7 7. O-O Nf6 8. c4
d6 9. Nc3 Be7 10. f4 O-O 11. Kh1 (11. Be3 $5 b6 12. Qf3 Bb7 13. Qh3) 11... b6
12. Bd2 Bb7 13. Qf3 Nbd7 14. Qh3 Rfe8 15. Rae1 Rad8 16. Re3 $5 Qb8 $5 (16...
Bf8 17. Rg3 (17. Qh4 Be7 18. Qh3)) 17. Be1 e5 18. Nd5 Bxd5 $6 (18... exf4 19.
Rxf4 Ne5 $13) 19. exd5 e4 20. Be2 $6 (20. Bxe4 Nxe4 21. Rxe4 Nf6 22. Re2 $1 $16
) 20... b5 21. Nd4 bxc4 $1 22. Nc6 Qxb2 23. Nxd8 Bxd8 24. Bxc4 Bb6 $2 (24...
Qd4 25. Bb3 Bb6 $44) 25. Bc3 Qa3 26. Bxf6 Qa4 $1 27. Bxg7 (27. Bb3 Qb5) 27...
Bxe3 (27... Qxc4 28. Ree1 Kxg7 29. Qxd7 $18) 28. Ba1 (28. Qg3 Nf8 29. Be2 $1
Ng6 30. f5) (28. Bb2) 28... Qxc4 29. Re1 Bd2 (29... Bf2 30. Qxd7 Qc8 31. Qxd6
Qf5 32. Rb1 $1 e3 33. Rb8) 30. Qxd7 Qc8 31. Qxd6 Qf5 32. g4 $138 (32. Rf1 e3
33. Qc6 Rb8 34. Qxa6) 32... Qxf4 33. Qxf4 Bxf4 34. Bf6 h6 35. h4 Kh7 36. h5 Bg5
37. Bxg5 hxg5 38. Kg2 Rd8 $2 (38... Re5 39. d6 Rd5 40. Rxe4 Rxd6 $11) 39. Rd1
Kg7 40. d6 Kf6 41. d7 Ke7 42. Kf2 f5 43. gxf5 Kf6 44. h6 g4 45. Ke3 g3 46. Kxe4
g2 47. Rg1 Rxd7 48. Rxg2 Rd1 49. Rg6+ Kf7 50. Rxa6 Re1+ 51. Kd4 Rd1+ 52. Kc4
Rf1 53. Ra8 1-0

[Event "Ghent op 23rd"]
[Site "Ghent"]
[Date "2000.07.??"]
[Round "6"]
[White "Van Wessel, Rudy"]
[Black "Chuchelov, Vladimir"]
[Result "0-1"]
[WhiteElo "2308"]
[BlackElo "2535"]
[Annotator "Chuchelov,V"]
[PlyCount "78"]
[EventDate "2000.07.15"]
[EventType "swiss"]
[EventRounds "9"]
[EventCountry "BEL"]
[SourceTitle "CBM 078"]
[Source "ChessBase"]
[SourceDate "2000.10.18"]
[SourceVersion "1"]
[SourceVersionDate "2000.10.18"]
[SourceQuality "1"]

1. e4 c5 2. Nf3 e6 3. d4 cxd4 4. Nxd4 a6 5. c4 Nf6 6. Nc3 Qc7 7. Bd3 Nc6 8. Nf3
Be7 9. Qe2 d6 10. O-O O-O 11. Rd1 b6 12. Bg5 h6 13. Bh4 Bb7 14. Rac1 Ne5 15. b3
(15. Nxe5 dxe5 16. Bxf6 Bxf6 17. b4 Bg5 18. Rc2 Rfd8 19. c5 Rd4) 15... Ng6 16.
Bg3 Nh5 17. Qe3 Nxg3 18. hxg3 Rab8 19. Nd4 Ne5 20. Bb1 Rfe8 21. Qe2 Bf6 22. Kh1
g6 23. f4 Nd7 24. Qg4 (24. Ndb5 axb5 25. Nxb5 Qc5 26. Nxd6 Red8 27. e5 Bg7)
24... Bg7 25. f5 (25. Qh3 Nf6 26. f5 exf5 27. exf5 g5) 25... Ne5 26. Qh3 Qe7
27. Nce2 h5 28. Rf1 exf5 29. exf5 Qg5 30. Nf4 (30. fxg6 fxg6 31. Ne6 Qe7 32.
Nxg7 Kxg7 33. Nf4 Bc8 34. Qh2 Bg4 35. Nd5 Qg5) 30... Qg4 31. Qh2 Rbc8 32. fxg6
(32. Bc2 d5 33. cxd5 Bxd5 34. Nxd5 (34. f6 Bf8 35. Nxd5 Qxd4) 34... Qxd4 35.
Rcd1 Ng4) 32... fxg6 33. Rce1 Rf8 34. Nde6 Rf6 35. Nxg7 Kxg7 36. Be4 (36. Bxg6
Rxf4 37. gxf4 Nxg6 38. f5 Ne5 39. Rd1 Rf8) 36... Bxe4 37. Rxe4 g5 38. Qg1 (38.
Nxh5+ Qxh5 39. Qxh5 Rxf1+ 40. Kh2 Rh8) 38... gxf4 39. Qxb6 Rcf8 0-1

[Event "Dresden op 08th"]
[Site "Dresden"]
[Date "1999.??.??"]
[Round "?"]
[White "Heinatz, Thomas"]
[Black "Chuchelov, Vladimir"]
[Result "0-1"]
[WhiteElo "2350"]
[BlackElo "2535"]
[Annotator "Chuchelov,V"]
[PlyCount "76"]
[EventDate "1999.07.15"]
[EventType "swiss"]
[EventRounds "9"]
[EventCountry "GER"]
[SourceTitle "EXT 2000"]
[Source "ChessBase"]
[SourceDate "1999.11.16"]
[SourceVersion "1"]
[SourceVersionDate "1999.11.16"]
[SourceQuality "1"]

1. e4 c5 2. Nf3 e6 3. d4 cxd4 4. Nxd4 a6 5. Bd3 Qb6 6. Nb3 Qc7 7. Be3 Nf6 8. f4
d6 9. N1d2 Nbd7 10. O-O b6 11. Qe2 Bb7 12. Kh1 Be7 13. Rae1 O-O 14. Bg1 e5 $1
15. fxe5 dxe5 16. Rf3 $6 (16. Be3 b5 $13) 16... Nh5 $1 17. Be3 Nf4 18. Qf2 Nxd3
19. cxd3 Rac8 $1 20. Rh3 b5 21. Rf1 Qd6 $1 22. d4 Qg6 23. dxe5 (23. Rg3 Bh4) (
23. d5 f5 24. exf5 Qf7 25. Ne4 Bxd5 26. Nbd2 Rc2 $17) 23... Nxe5 24. Bd4 Ng4 $1
25. Qe2 Bd6 26. Rh4 Ne5 27. Nf3 Rfe8 28. Nbd2 Nxf3 $1 29. gxf3 Be5 30. Nb3 f5
$17 31. Qg2 Qxg2+ 32. Kxg2 fxe4 33. fxe4 Bxd4 34. Nxd4 Bxe4+ 35. Kg3 Rcd8 36.
Rd1 Rd5 37. Rd2 g5 38. Rh6 Red8 0-1

[Event "Fourmies op 22nd"]
[Site "Fourmies"]
[Date "1998.??.??"]
[Round "?"]
[White "Coenen, Norbert"]
[Black "Chuchelov, Vladimir"]
[Result "0-1"]
[WhiteElo "2335"]
[BlackElo "2545"]
[Annotator "Chuchelov,V"]
[PlyCount "32"]
[EventDate "1998.05.30"]
[EventType "swiss"]
[EventRounds "6"]
[EventCountry "FRA"]
[SourceTitle "CBM 066"]
[Source "ChessBase"]
[SourceDate "1998.09.30"]
[SourceVersion "1"]
[SourceVersionDate "1998.09.30"]
[SourceQuality "1"]

1. e4 c5 2. Nf3 e6 3. d4 cxd4 4. Nxd4 a6 5. Bd3 Bc5 6. Nb3 Ba7 7. Qe2 Nc6 8.
Nc3 d6 9. Be3 Nge7 10. f4 b5 11. O-O-O b4 12. Na4 Bd7 13. e5 (13. Qd2 Bxe3 14.
Qxe3 Rb8 15. Bxa6 Qc7 $13 16. e5 dxe5 17. Nac5 exf4 18. Qf2 Bc8 19. Bxc8 Qxc8
20. Qxf4 O-O $13) 13... Nd5 $1 14. Bd2 dxe5 $1 15. fxe5 Qc7 $1 16. Rhe1 Nce7
0-1

[Event "BL2-West 0001"]
[Site "Germany"]
[Date "2000.11.12"]
[Round "2.1"]
[White "Fleck, Juergen"]
[Black "Chuchelov, Vladimir"]
[Result "1/2-1/2"]
[WhiteElo "2396"]
[BlackElo "2535"]
[Annotator "Chuchelov,V"]
[PlyCount "60"]
[EventDate "2000.10.15"]
[EventType "team-tourn"]
[EventRounds "9"]
[EventCountry "GER"]
[SourceTitle "CBM 079"]
[Source "ChessBase"]
[SourceDate "2000.11.21"]
[SourceVersion "1"]
[SourceVersionDate "2000.11.21"]
[SourceQuality "1"]
[WhiteTeam "Duisburg"]
[BlackTeam "Andernach"]
[WhiteTeamCountry "GER"]
[BlackTeamCountry "GER"]

1. e4 c5 2. Nf3 e6 3. d4 cxd4 4. Nxd4 a6 5. Bd3 Nf6 6. O-O Qc7 7. Qe2 d6 8. f4
g6 9. f5 Bg7 10. fxe6 fxe6 11. Be3 (11. Bc4 $5) 11... O-O 12. Nd2 Bd7 $1 (12...
Nc6 13. Nxc6 bxc6 14. Nc4 Rb8 15. e5 dxe5 16. Bc5 Rd8 17. Rae1 $36) 13. Bc4 d5
14. Bb3 Nc6 $11 15. Nxc6 Bxc6 16. exd5 exd5 17. c4 Kh8 $5 (17... Rae8 18. cxd5
(18. Rxf6 Bxf6 19. cxd5 Bb5 20. d6+ Kg7 21. dxc7 Bxe2 22. Bc5 Rh8 23. Nc4 Bxc4
24. Bxc4 Rc8 (24... Be5 25. Rf1 $1) 25. Bd6 Rhe8) 18... Bxd5 19. Rxf6 Bxb3 20.
Rxf8+ Bxf8 21. Nxb3 Bh6 22. Rc1 Rxe3 23. Qd2 Qb6 24. Kh1 $11) (17... Rfe8 $5
18. cxd5 (18. Rxf6 d4 (18... Bxf6 19. cxd5 Bb5 20. d6+ Kg7) 19. c5+ Kh8 20. Rf7
Rxe3 $17) 18... Nxd5 $5 (18... Bxd5 19. Qd3 $11) 19. Qd3 Rad8 20. Bg5 Rd7 $13)
18. Bd4 Rae8 19. Qd3 dxc4 20. Qxc4 (20. Nxc4 b5 21. Ne3 Qb7 $15) 20... Qd7 (
20... b5 21. Qc3 Re2 22. Nf3) (20... Qd8 $5) 21. Rf2 $1 Nh5 (21... Rc8 $5) 22.
Rxf8+ $6 (22. Bxg7+ Qxg7 (22... Kxg7 23. Qc3+ Kh6 24. Raf1) 23. Rxf8+ {->22Rf8}
) 22... Rxf8 23. Bxg7+ Qxg7 $6 (23... Kxg7 $1 24. Qc3+ Kh6 $36 25. Qe3+ $140
Nf4 26. g3 Qh3 $19 (26... Qd4 27. Kf2 $1)) 24. Rf1 Rd8 25. Qc5 $1 $11 Nf6 (
25... Bxg2 26. Kxg2 Rxd2+ 27. Kh1 Rd8 (27... Ng3+ 28. Kg1 Ne2+ 29. Kg2) 28. Rf7
Qh6 29. Qc3+ Ng7 30. Rxb7 $132) 26. Qc3 Nd5 (26... Ng4 $5 27. Qxg7+ Kxg7 $15
28. Rf7+ $140 (28. Nf3 $5) 28... Kh6 29. Nf3 Bxf3 $1 30. gxf3 Ne5 31. Rxb7 Rd2
$1 $36) 27. Qxg7+ Kxg7 28. Nc4 Nf6 29. Ne5 Be4 30. Rd1 $11 Rxd1+ 1/2-1/2

[Event "Lisbon Masters"]
[Site "Lisbon"]
[Date "1996.??.??"]
[Round "6"]
[White "Galego, Luis"]
[Black "Fernandes, Antonio ETG"]
[Result "0-1"]
[WhiteElo "2445"]
[BlackElo "2380"]
[Annotator "Costa,L"]
[PlyCount "48"]
[EventDate "1996.??.??"]
[EventType "tourn"]
[EventRounds "9"]
[EventCountry "POR"]
[EventCategory "4"]
[SourceTitle "CBM 051 Extra"]
[Source "ChessBase"]
[SourceDate "1996.05.01"]
[SourceVersion "1"]
[SourceVersionDate "1996.05.01"]
[SourceQuality "1"]

1. e4 c5 2. Nf3 e6 3. d4 cxd4 4. Nxd4 a6 5. Bd3 Nf6 6. O-O Qc7 7. Kh1 Bc5 8.
Nb3 Ba7 (8... Be7 $5) 9. Nc3 $146 (9. f4 d6 10. a4 h5 11. Nc3 Nc6 12. Be2 Bd7
13. Bf3 e5 14. Nd5 Nxd5 15. exd5 Nd4 16. fxe5 dxe5 17. Nxd4 Bxd4 18. d6 Qxd6
19. c3 $14 {Campora,D-Robovic,S/Bern op 1993/1/2-1/2 (45)}) 9... h5 10. Qe2 Ng4
11. f4 Qb6 12. h3 Nc6 13. Bd2 $13 d6 14. Rae1 Ne7 15. Nd1 Bd7 16. Bc3 e5 17.
fxe5 dxe5 18. Bc4 f6 19. Bd2 Rc8 20. Nc3 Nf2+ 21. Kh2 {[#]} Bg4 $1 22. hxg4
hxg4+ 23. Kg3 f5 24. Rxf2 Qf6 $1 0-1

[Event "Olympiad-23"]
[Site "Buenos Aires"]
[Date "1978.11.08"]
[Round "13"]
[White "Westerinen, Heikki MJ"]
[Black "Andersson, Ulf"]
[Result "0-1"]
[WhiteElo "2450"]
[BlackElo "2545"]
[Annotator "Cvetkovic"]
[PlyCount "64"]
[EventDate "1978.10.25"]
[EventType "team-swiss"]
[EventRounds "14"]
[EventCountry "ARG"]
[SourceTitle "EXT 2000"]
[Source "ChessBase"]
[SourceDate "1999.11.16"]
[SourceVersion "1"]
[SourceVersionDate "1999.11.16"]
[SourceQuality "1"]
[WhiteTeam "Finland"]
[BlackTeam "Sweden"]
[WhiteTeamCountry "FIN"]
[BlackTeamCountry "SWE"]

{Inf.26/346} 1. e4 c5 2. Nf3 e6 3. d4 cxd4 4. Nxd4 a6 5. Bd3 g6 6. O-O Bg7 7.
c3 $5 d6 8. Nd2 Nf6 9. Qe2 O-O 10. Nc4 (10. a4 $142) 10... e5 (10... b5 11.
Nxd6 $1 Qxd6 (11... e5 12. Nxc8 exd4 13. e5 $16) 12. e5 $16) 11. Nb3 b5 12.
Nca5 (12. Ne3 Bb7 $15) 12... Bd7 $1 13. Bd2 Nc6 14. c4 Nd4 $1 15. Nxd4 exd4 16.
h3 $6 (16. b4 $1 $13) 16... Re8 17. Qf3 Qb6 {[/\ b4]} 18. b4 Be6 19. cxb5 axb5
20. Qe2 (20. Qd1) 20... Bf5 $1 21. Bxb5 (21. f3 d5) 21... Rxe4 22. Qc4 Rc8 23.
Bc6 d3 24. Qc1 (24. Qb5 Qxb5 25. Bxb5 Re2 26. Nb3 Rc2 27. Rfd1 Nd5 $19) (24.
Bxe4 Nxe4 $1 (24... Rxc4 25. Nxc4 Qd4 26. Bxf5 $13) 25. Qxd3 Nxf2 26. Be3 Nxd3
27. Bxb6 Bxa1 28. Rxa1 Rc2 {/\ Be4-+}) 24... Re2 $1 25. b5 Ne4 26. Nc4 Qd4 27.
Be3 (27. Rb1 d5) 27... Qxa1 28. Qxa1 Bxa1 29. Rxa1 d5 $1 30. Bxd5 (30. Nb6 d2
31. Kf1 Nc3 32. Nxc8 Re1+ 33. Rxe1 Bd3+) 30... d2 31. Kf1 Nc3 32. Nb2 Rxe3 0-1

[Event "Munich SKA"]
[Site "Munich"]
[Date "1992.??.??"]
[Round "5"]
[White "Speelman, Jonathan S"]
[Black "Lobron, Eric"]
[Result "1/2-1/2"]
[WhiteElo "2630"]
[BlackElo "2575"]
[Annotator "Dautov,R"]
[PlyCount "84"]
[EventDate "1992.05.??"]
[EventType "tourn"]
[EventRounds "11"]
[EventCountry "GER"]
[EventCategory "14"]
[SourceTitle "CBM 030"]
[Source "ChessBase"]
[SourceDate "1992.10.01"]
[SourceVersion "1"]
[SourceVersionDate "1992.10.01"]
[SourceQuality "1"]

1. e4 c5 2. Nf3 e6 3. d4 cxd4 4. Nxd4 a6 5. Bd3 Bc5 6. Nb3 Ba7 7. Qe2 Nc6 8.
Be3 d6 9. Nc3 Nf6 10. O-O-O (10. Bxa7 Rxa7 11. f4 e5 12. f5 $1 b5 13. O-O-O O-O
14. g4 Nd4 $2 {Judasin-Nikolaev Podolsk 1991,53/172}) 10... b5 11. Bxa7 (11. g4
b4 12. Nb1 Bxe3+ 13. Qxe3 Nxg4 14. Qg3 Nf6 15. Qxg7 Rg8 16. Qh6 Ne5 17. N1d2
Bb7 18. f4 Nxd3+ 19. cxd3 Rg6 20. Qh3 Qb6 21. Rhf1 $13 {Magem Badals,J-Tal,M
Barselona 1992}) 11... Rxa7 12. f4 {N} (12. g4 O-O 13. g5 Nd7 14. Rhg1 b4 15.
Na4 Nb6 16. Nxb6 Qxb6 17. f4 a5 $132 {Roy,M-Motwani,P Wienna op 1991}) (12. g4
O-O 13. f4 b4 14. Na4 Ne7 15. g5 Ne8 16. Qf2 Qc7 17. Nb6 a5 18. Nxc8 Nxc8 19.
Nd4 Qb6 20. Rhf1 Rc7 21. Kb1 a4 22. f5 e5 23. Nb5 Rc5 24. c4 $16 {Arnason,
J-Motwani,P Hafnarfirdi 1992}) 12... b4 13. Na4 (13. Nb1 $5) 13... e5 14. f5
O-O 15. g4 Bd7 {פa4} 16. g5 Ne8 17. Qe3 {/\Nb6+/-} Rb7 $1 18. Bxa6 Rb8 19. Kb1
(19. Be2 Qc7 20. Nd2 $2 Nd4 $19) (19. Nac5 $2 dxc5 20. Nxc5 Nd4 $17) (19. Rhg1
$5 Nd4 (19... Qc7 20. Rd5) 20. Nxd4 exd4 21. Rxd4 Bxa4 22. Bc4 Kh8 23. e5 $40)
19... Qc7 (19... Ne7 $2 20. Nac5 dxc5 21. Nxc5 $18) (19... Nd4 $5 20. Nxd4 exd4
21. Rxd4 Bxa4 22. Bc4 Kh8 23. e5 Qe7 24. Rh4 Qxe5 25. Qh3 h6 26. f6 $40) 20.
Rd5 Ne7 21. Ra5 Nxf5 $1 22. exf5 Bxa4 23. Rxa4 Qc6 24. Rd1 Qxa4 25. Bc4 Rc8 26.
Nd2 $44 Qc6 27. Bb3 Nc7 28. Nc4 Nb5 $5 (28... Rcd8 29. g6 $44) 29. Nb6 Nd4 $1 (
29... Rb8 30. Nd5 Rb7 31. g6 $40) 30. Nxc8 Qxc8 31. Rf1 $2 (31. f6 $142 Qf5 $13
) 31... Qa6 $1 (31... Nxf5 32. Qb6 Nd4 33. Qxd6 Nxb3 34. axb3 Qh3 35. Re1 $10)
32. Rf2 Qc6 33. Qe1 Nxb3 34. axb3 Ra8 $17 35. Qe2 Qc5 36. g6 Qa7 (36... f6 $1
37. Qc4+ Qxc4 38. bxc4 hxg6 39. fxg6 Kf8 $17) 37. Kc1 d5 $2 (37... Qa1+ $6 38.
Kd2 Qxb2 39. gxf7+ Kxf7 40. Qc4+ Kf8 41. Qxb4) (37... f6 38. Qc4+ Kh8 39. Qd5
$140 $4 Qe3+ $19) 38. gxf7+ Kxf7 39. Qxe5 $1 Qxf2 40. Qe6+ Kf8 41. Qd6+ Ke8 42.
Qe6+ Kf8 1/2-1/2